[Event "Oberliga Nord O 2122"]
[Site "Germany"]
[Date "2022.05.29"]
[Round "5.6"]
[White "McGowan, Daniel"]
[Black "Lehmann, Klaus"]
[Result "1-0"]
[WhiteElo "2099"]
[BlackElo "2221"]
[PlyCount "111"]
[EventDate "2021.10.31"]
[EventType "team-tourn"]
[EventRounds "9"]
[EventCountry "GER"]
[SourceTitle "EXT 2024"]
[Source "ChessBase"]
[SourceDate "2023.10.10"]
[SourceVersion "1"]
[SourceVersionDate "2023.10.10"]
[SourceQuality "1"]
[WhiteTeam "Berlin SF III"]
[BlackTeam "Kreuzberg"]
[WhiteTeamCountry "GER"]
[BlackTeamCountry "GER"]

1. e4 d6 2. c4 e5 3. Nc3 Nc6 4. d3 g6 5. Be3 Bg7 6. Qd2 Be6 7. g3 Qd7 8. Bg2 Nd4 9. Bxd4 exd4 10. Nce2 Ne7 11. f4 c5 12. Nf3 Bh3 13. 0-0 Bxg2 14. Kxg2 0-0 15. Rae1 Rae8 16. h3 f5 17. Kh2 Nc6 18. Nc1 Re7 19. Re2 Rfe8 20. Rfe1 Bf6 21. a3 b6 22. b4 fxe4 23. dxe4 Qe6 24. Nd3 Qxc4 25. bxc5 dxc5 26. e5 Bg7 27. Ng5 Qd5 28. Ne4 c4 29. Qa2 Na5 30. Nb4 Qe6 31. Ng5 Qd7 32. Ne4 d3 33. Rd2 Kh8 34. Nd6 Qe6 35. Nxe8 Rxe8 36. Nxd3 cxd3 37. Qxe6 Rxe6 38. Rxd3 Bf8 39. Rd7 Nc6 40. a4 Bc5 41. Red1 h5 42. Kg2 a5 43. Kf3 Nxe5+ 44. fxe5 Rxe5 45. Rb7 Re8 46. Rdd7 Rf8+ 47. Ke4 Rf2 48. Rh7+ Kg8 49. Rhg7+ Kf8 50. Rxg6 Ra2 51. Rc6 Be7 52. Rc8+ Kf7 53. Rcc7 Kf6 54. Rxe7 Re2+ 55. Kd5 Rxe7 56. Rxe7 1-0

[Event "Oberliga Nord O 2122"]
[Site "Germany"]
[Date "2021.10.31"]
[Round "1.8"]
[White "McGowan, Daniel"]
[Black "Zeihser, Michael"]
[Result "1/2-1/2"]
[WhiteElo "2099"]
[BlackElo "2171"]
[PlyCount "48"]
[EventDate "2021.10.31"]
[EventType "team-tourn"]
[EventRounds "9"]
[EventCountry "GER"]
[SourceTitle "EXT 2023"]
[Source "ChessBase"]
[SourceDate "2022.10.05"]
[SourceVersion "1"]
[SourceVersionDate "2022.10.05"]
[SourceQuality "1"]
[WhiteTeam "Berlin SF III"]
[BlackTeam "Forster"]
[WhiteTeamCountry "GER"]
[BlackTeamCountry "GER"]

1. e4 c5 2. Nf3 d6 3. c3 Nf6 4. Be2 Nc6 5. d4 e6 6. Nbd2 cxd4 7. cxd4 Be7 8. 0-0 0-0 9. Bd3 e5 10. d5 Nb8 11. h3 Nbd7 12. Nb3 a5 13. Be3 b6 14. a4 Nc5 15. Nxc5 bxc5 16. Nd2 Nd7 17. Qe2 Bg5 18. Nc4 Bxe3 19. Qxe3 Nb6 20. f4 Nxc4 21. Bxc4 Qe7 22. Rae1 Ba6 23. Bxa6 Rxa6 24. Qc3 f6 1/2-1/2

[Event "Berlin BSV IM"]
[Site "Berlin"]
[Date "2021.08.06"]
[Round "8"]
[White "McGowan, Daniel"]
[Black "Muse, Drazen"]
[Result "1/2-1/2"]
[WhiteElo "2110"]
[BlackElo "2340"]
[PlyCount "40"]
[EventDate "2021.08.01"]
[EventType "tourn"]
[EventRounds "9"]
[EventCountry "GER"]
[EventCategory "3"]
[SourceTitle "CBM 203 Extra"]
[Source "ChessBase"]
[SourceDate "2021.09.30"]
[SourceVersion "1"]
[SourceVersionDate "2021.09.30"]
[SourceQuality "1"]

1. e4 d6 2. d4 Nf6 3. Nc3 g6 4. h3 Bg7 5. Nf3 0-0 6. Be2 c6 7. a4 a5 8. 0-0 Na6 9. Re1 Nb4 10. Be3 d5 11. exd5 cxd5 12. Ne5 Bf5 13. Nd3 Rc8 14. Rc1 Nxd3 15. Bxd3 Bxd3 16. Qxd3 e6 17. Nb5 Ne4 18. c3 Nd6 19. Nxd6 Qxd6 20. Qb5 Qc6 1/2-1/2

[Event "Oberliga Nord O 1920"]
[Site "Germany"]
[Date "2019.09.29"]
[Round "1.7"]
[White "McGowan, Daniel"]
[Black "Riedel, Hartmut"]
[Result "0-1"]
[WhiteElo "2124"]
[BlackElo "1888"]
[PlyCount "90"]
[EventDate "2019.09.29"]
[EventType "team-tourn"]
[EventRounds "9"]
[EventCountry "GER"]
[SourceTitle "CBM 195 Extra"]
[Source "ChessBase"]
[SourceDate "2020.05.31"]
[SourceVersion "1"]
[SourceVersionDate "2020.05.31"]
[SourceQuality "1"]

1. e4 c6 2. d4 d5 3. e5 c5 4. dxc5 Nc6 5. Nf3 Bg4 6. Bb5 e6 7. Bxc6+ bxc6 8. b4 Qb8 9. Qd4 Bxf3 10. gxf3 Ne7 11. f4 Nf5 12. Qc3 a5 13. bxa5 Qb5 14. Nd2 Qxc5 15. Qxc5 Bxc5 16. Nb3 Be7 17. Be3 Nxe3 18. fxe3 Bb4+ 19. Ke2 Bxa5 20. a4 Kd7 21. Rhb1 Kc7 22. Nc5 Bb6 23. Nb3 c5 24. a5 Ba7 25. e4 c4 26. Nd2 Rhb8 27. exd5 exd5 28. Nf3 Rxb1 29. Rxb1 h6 30. Nh4 g6 31. Ra1 Kc6 32. Ng2 Bb6 33. a6 d4 34. Kf3 Kb5 35. Ke4 Rxa6 36. Rxa6 Kxa6 37. Ne1 Kb5 38. Nf3 Kb4 39. Nxd4 Kc3 40. Nb5+ Kxc2 41. Nd6 c3 42. Nxf7 Kd2 43. e6 c2 44. e7 c1Q 45. e8Q Qe1+ 0-1

[Event "Oberliga Nord O 1819"]
[Site "Germany"]
[Date "2019.04.07"]
[Round "9.8"]
[White "Acikel, Mert"]
[Black "McGowan, Daniel"]
[Result "1/2-1/2"]
[WhiteElo "2095"]
[BlackElo "2140"]
[PlyCount "103"]
[EventDate "2018.10.21"]
[EventType "team-tourn"]
[EventRounds "9"]
[EventCountry "GER"]
[SourceTitle "EXT 2020"]
[Source "ChessBase"]
[SourceDate "2019.10.17"]
[SourceVersion "1"]
[SourceVersionDate "2019.10.17"]
[SourceQuality "1"]
[WhiteTeam "Koenig Tegel II"]
[BlackTeam "Berlin SF III"]
[WhiteTeamCountry "GER"]
[BlackTeamCountry "GER"]

1. e4 e6 2. d4 d5 3. Nd2 c5 4. exd5 exd5 5. Ngf3 Nc6 6. Bb5 Bd6 7. dxc5 Bxc5 8. 0-0 Nge7 9. Nb3 Bd6 10. Re1 0-0 11. Bd3 Nb4 12. Be2 Bf5 13. Nfd4 Bg6 14. c3 Nbc6 15. Bd3 a6 16. Bg5 Qc7 17. h3 Rfe8 18. Bxe7 Rxe7 19. Rxe7 Qxe7 20. Bxg6 hxg6 21. Nf3 Rd8 22. Qe1 Qxe1+ 23. Rxe1 f6 24. Rd1 Kf7 25. Kf1 Be7 26. Nfd4 Ne5 27. Na5 Nc4 28. Nxb7 Rb8 29. b3 Rxb7 30. bxc4 dxc4 31. Nc6 Rb6 32. Nxe7 Kxe7 33. Rd2 Rb1+ 34. Ke2 Rc1 35. Ke3 Rxc3+ 36. Kd4 Rc1 37. Rb2 c3 38. Rb7+ Kd6 39. Rb6+ Kc7 40. Rxa6 c2 41. Kc3 Rf1 42. Kxc2 Rxf2+ 43. Kd3 Rxg2 44. Ra7+ Kd6 45. Rxg7 Ke5 46. a4 Kf5 47. Kc4 Rg3 48. Rh7 g5 49. a5 Kg6 50. Rh8 Kg7 51. Rh5 Kg6 52. Rh8 1/2-1/2

[Event "Oberliga Nord O 1819"]
[Site "Germany"]
[Date "2019.01.20"]
[Round "5.8"]
[White "McGowan, Daniel"]
[Black "Dyballa, Markus"]
[Result "1/2-1/2"]
[WhiteElo "2140"]
[BlackElo "2225"]
[PlyCount "73"]
[EventDate "2018.10.21"]
[EventType "team-tourn"]
[EventRounds "9"]
[EventCountry "GER"]
[SourceTitle "EXT 2020"]
[Source "ChessBase"]
[SourceDate "2019.10.17"]
[SourceVersion "1"]
[SourceVersionDate "2019.10.17"]
[SourceQuality "1"]
[WhiteTeam "Berlin SF III"]
[BlackTeam "Kreuzberg"]
[WhiteTeamCountry "GER"]
[BlackTeamCountry "GER"]

1. e4 c5 2. Nf3 Qc7 3. c3 Nf6 4. d3 Nc6 5. Be2 d5 6. Nbd2 g6 7. 0-0 Bg7 8. exd5 Nxd5 9. Ne4 b6 10. Re1 0-0 11. Bf1 Bb7 12. Qc2 h6 13. Bd2 Rad8 14. Rad1 f5 15. Ng3 e5 16. h4 Kh8 17. Qc1 Nf4 18. d4 Kh7 19. Nxe5 Nd5 20. Nxc6 Bxc6 21. c4 f4 22. Ne4 Ne3 23. fxe3 Bxe4 24. exf4 Bxd4+ 25. Be3 Bg7 26. Rxd8 Rxd8 27. Bf2 Bf5 28. Be2 h5 29. Bf3 Rd7 30. b3 Qd8 31. Bd5 Bf6 32. Qe3 Bxh4 33. Bxh4 Qxh4 34. Qe5 Qd8 35. Re3 Qh8 36. Qxh8+ Kxh8 37. Kf2 1/2-1/2

[Event "EU-Cup 34th"]
[Site "Porto Carras"]
[Date "2018.10.13"]
[Round "2.4"]
[White "McGowan, Daniel"]
[Black "Lammens, Tim"]
[Result "0-1"]
[WhiteElo "2157"]
[BlackElo "2281"]
[PlyCount "88"]
[EventDate "2018.10.12"]
[EventType "team-swiss"]
[EventRounds "7"]
[EventCountry "GRE"]
[SourceTitle "CBM 187"]
[Source "ChessBase"]
[SourceDate "2018.12.11"]
[SourceVersion "1"]
[SourceVersionDate "2018.12.11"]
[SourceQuality "1"]
[WhiteTeam "Grantham Sharks"]
[BlackTeam "Apeldoorn MuConsult"]
[WhiteTeamCountry "ENG"]
[BlackTeamCountry "NED"]

1. e4 g6 2. d4 Bg7 3. Nf3 d6 4. Nc3 a6 5. a4 b6 6. Bc4 e6 7. Bg5 Ne7 8. Qd2 h6 9. Be3 Bb7 10. 0-0 Nd7 11. Rad1 Nf6 12. e5 Nfd5 13. Nxd5 Nxd5 14. Rfe1 Nxe3 15. Qxe3 d5 16. Bb3 Qe7 17. c4 dxc4 18. Bxc4 Qb4 19. Bb3 0-0 20. Rc1 Rac8 21. Rc4 Qe7 22. Rec1 Rfd8 23. R4c3 Rd7 24. h3 Qd8 25. a5 b5 26. d5 Bxd5 27. Bxd5 Rxd5 28. Rc6 Rd1+ 29. Kh2 Rxc1 30. Qxc1 Qd5 31. Qc3 Qd7 32. Rxa6 c5 33. Qe3 b4 34. Qe4 Qd5 35. Qxd5 exd5 36. Rb6 Bf8 37. Ne1 c4 38. Nc2 b3 39. Ne3 d4 40. Nxc4 Rxc4 41. Rxb3 Rc5 42. Ra3 Rd5 43. Ra4 d3 44. a6 d2 0-1

[Event "Berlin Lichtenberger op 17th"]
[Site "Berlin"]
[Date "2018.08.25"]
[Round "8"]
[White "McGowan, Daniel"]
[Black "Eberlein, Johann"]
[Result "1/2-1/2"]
[WhiteElo "2139"]
[BlackElo "1936"]
[PlyCount "36"]
[EventDate "2018.08.18"]
[EventType "swiss"]
[EventRounds "9"]
[EventCountry "GER"]
[SourceTitle "CBM 186 Extra"]
[Source "ChessBase"]
[SourceDate "2018.08.24"]
[SourceVersion "1"]
[SourceVersionDate "2018.08.24"]
[SourceQuality "1"]

1. e4 g6 2. d4 Bg7 3. Nf3 c6 4. Nc3 d5 5. h3 dxe4 6. Nxe4 Nf6 7. Nxf6+ exf6 8. Bd3 0-0 9. 0-0 a5 10. c4 Na6 11. Bf4 Nc7 12. Qd2 Ne6 13. Be3 f5 14. Bc2 f4 15. Bxf4 Nxd4 16. Nxd4 Qxd4 17. Qxd4 Bxd4 18. Rab1 Be6 1/2-1/2

[Event "BCF-chT2 1718 (4NCL) Promotion pool"]
[Site "England"]
[Date "2018.05.05"]
[Round "9.42"]
[White "McGowan, Daniel"]
[Black "Polaczek, Richard"]
[Result "0-1"]
[WhiteElo "2162"]
[BlackElo "2378"]
[PlyCount "72"]
[EventDate "2017.11.11"]
[EventType "team-tourn"]
[EventRounds "11"]
[EventCountry "ENG"]
[SourceTitle "EXT 2020"]
[Source "ChessBase"]
[SourceDate "2019.10.17"]
[SourceVersion "1"]
[SourceVersionDate "2019.10.17"]
[SourceQuality "1"]
[WhiteTeam "Grantham Sharks II"]
[BlackTeam "Manchester Manticores"]
[WhiteTeamCountry "ENG"]
[BlackTeamCountry "ENG"]

1. e4 Nf6 2. e5 Nd5 3. d4 d6 4. Nf3 g6 5. Bc4 Nc6 6. Bb3 Bg7 7. 0-0 0-0 8. a4 a5 9. exd6 cxd6 10. h3 Nb6 11. Nc3 Nb4 12. Re1 h6 13. Ne2 e5 14. Ng3 Qc7 15. c3 Nc6 16. Qd3 Kh7 17. Be3 f5 18. dxe5 dxe5 19. Qb5 Nd7 20. Nf1 b6 21. Bd5 Bb7 22. Rad1 Rf6 23. Qc4 f4 24. Bc1 Nc5 25. Qa2 Rd6 26. Bc4 Rxd1 27. Rxd1 e4 28. N3h2 Rf8 29. Bb5 Ne5 30. Ng4 Nxg4 31. hxg4 e3 32. fxe3 f3 33. b4 f2+ 34. Kh1 Ne4 35. Rd7 Ng3+ 36. Nxg3 Qxg3 0-1

[Event "BCF-chT2a 1718 (4NCL)"]
[Site "England"]
[Date "2018.02.11"]
[Round "6.31"]
[White "Townsend, M Paul"]
[Black "McGowan, Daniel"]
[Result "0-1"]
[WhiteElo "2267"]
[BlackElo "2162"]
[PlyCount "64"]
[EventDate "2017.11.11"]
[EventType "team-tourn"]
[EventRounds "7"]
[EventCountry "ENG"]
[SourceTitle "EXT 2020"]
[Source "ChessBase"]
[SourceDate "2019.10.17"]
[SourceVersion "1"]
[SourceVersionDate "2019.10.17"]
[SourceQuality "1"]
[WhiteTeam "White Rose II"]
[BlackTeam "Grantham Sharks II"]
[WhiteTeamCountry "ENG"]
[BlackTeamCountry "ENG"]

1. Nf3 d5 2. g3 Nf6 3. Bg2 e6 4. 0-0 Be7 5. c4 0-0 6. d4 dxc4 7. Qc2 a6 8. a4 Nbd7 9. Nbd2 Nb6 10. a5 Nbd5 11. Nxc4 Bd7 12. Nfe5 Be8 13. Rd1 Rb8 14. Qb3 Nb4 15. e4 b5 16. axb6 cxb6 17. Be3 a5 18. Qc3 Nd7 19. Nxd7 Bxd7 20. Qd2 Bb5 21. Bf1 Qc8 22. Ne5 Bxf1 23. Rxf1 Qb7 24. f3 Rfd8 25. Qf2 Rbc8 26. Rac1 Rxc1 27. Bxc1 f6 28. Nc4 Qa6 29. b3 Rxd4 30. Be3 Rd3 31. Bxb6 Rxb3 32. Nd2 Nd3 0-1

[Event "BCF-chT1a 1718 (4NCL)"]
[Site "England"]
[Date "2018.02.10"]
[Round "5.45"]
[White "Wheeler, Darren"]
[Black "McGowan, Daniel"]
[Result "1/2-1/2"]
[WhiteElo "2250"]
[BlackElo "2151"]
[PlyCount "51"]
[EventDate "2017.11.11"]
[EventType "team-swiss"]
[EventRounds "11"]
[EventCountry "ENG"]
[SourceTitle "EXT 2019"]
[Source "ChessBase"]
[SourceDate "2018.10.10"]
[SourceVersion "1"]
[SourceVersionDate "2018.10.10"]
[SourceQuality "1"]
[WhiteTeam "The ADS"]
[BlackTeam "Grantham Sharks"]
[WhiteTeamCountry "ENG"]
[BlackTeamCountry "ENG"]

1. e4 e6 2. d4 d5 3. Nc3 dxe4 4. Nxe4 Nd7 5. Nf3 Ngf6 6. Nxf6+ Nxf6 7. Ne5 a6 8. Be2 c5 9. Be3 Qc7 10. Bf3 Be7 11. 0-0 0-0 12. c3 Rd8 13. Qe2 Nd5 14. Rfd1 Nxe3 15. Qxe3 Bd7 16. d5 exd5 17. Bxd5 Be8 18. c4 Bf6 19. Re1 Bxe5 20. Qxe5 Qxe5 21. Rxe5 Rab8 22. Rae1 Kf8 23. f3 f6 24. Re7 Rd7 25. Rxd7 Bxd7 26. Kf2 1/2-1/2

[Event "London Classic op"]
[Site "London"]
[Date "2017.12.07"]
[Round "7"]
[White "Quillan, Gary"]
[Black "McGowan, Daniel"]
[Result "1-0"]
[WhiteElo "2344"]
[BlackElo "2155"]
[PlyCount "129"]
[EventDate "2017.12.02"]
[EventType "swiss"]
[EventRounds "9"]
[EventCountry "ENG"]
[SourceTitle "CBM 182 Extra"]
[Source "ChessBase"]
[SourceDate "2018.02.23"]
[SourceVersion "1"]
[SourceVersionDate "2018.02.23"]
[SourceQuality "1"]

1. e4 e6 2. d4 d5 3. Nd2 c5 4. exd5 exd5 5. Ngf3 Nc6 6. Bb5 Bd6 7. dxc5 Bxc5 8. 0-0 Nge7 9. Nb3 Bd6 10. Re1 0-0 11. Bd3 Nb4 12. Bg5 Nxd3 13. Qxd3 f6 14. Bh4 Bf5 15. Qd2 Qd7 16. Bg3 Rad8 17. Nfd4 Bxg3 18. hxg3 Rfe8 19. Re3 Bg6 20. Rae1 b6 21. c3 Nf5 22. Nxf5 Qxf5 23. Nd4 Qd7 24. f3 Rxe3 25. Rxe3 Re8 26. Kf2 Rxe3 27. Qxe3 Bf7 28. Qf4 h6 29. Qb8+ Kh7 30. a3 Qe7 31. Qc8 Bg6 32. Qe6 Qb7 33. Qc6 Qf7 34. Qd6 Bd3 35. g4 Kg8 36. Qd8+ Kh7 37. Qd6 Kg8 38. Ke3 Bf1 39. g3 h5 40. Kf2 Bc4 41. g5 fxg5 42. Qd8+ Kh7 43. Qxg5 Qg6 44. Qe5 Qb1 45. Qf5+ Qxf5 46. Nxf5 Kg6 47. Nd6 Ba6 48. b4 Bc4 49. Nc8 Kf5 50. Nxa7 b5 51. Nc6 g5 52. Nd4+ Ke5 53. Ke3 h4 54. gxh4 gxh4 55. f4+ Kf6 56. Kf3 h3 57. Kg3 Bf1 58. Nc2 Bd3 59. Ne3 Be4 60. Kxh3 Kg6 61. Kg4 Kf6 62. f5 Ke5 63. Kg5 d4 64. cxd4+ Kxd4 65. f6 1-0

[Event "London Classic op"]
[Site "London"]
[Date "2017.12.06"]
[Round "6"]
[White "McGowan, Daniel"]
[Black "Rizzoli, Aluna"]
[Result "1-0"]
[WhiteElo "2155"]
[BlackElo "1899"]
[PlyCount "71"]
[EventDate "2017.12.02"]
[EventType "swiss"]
[EventRounds "9"]
[EventCountry "ENG"]
[SourceTitle "CBM 182 Extra"]
[Source "ChessBase"]
[SourceDate "2018.02.23"]
[SourceVersion "1"]
[SourceVersionDate "2018.02.23"]
[SourceQuality "1"]

1. d4 Nf6 2. Nf3 e6 3. e3 c5 4. Bd3 Nc6 5. 0-0 d5 6. b3 Bd6 7. Bb2 cxd4 8. exd4 0-0 9. Nbd2 Nb4 10. Be2 b6 11. a3 Nc6 12. Bd3 a5 13. Qe2 Nb8 14. Ne5 Ba6 15. c4 Nbd7 16. Rfe1 a4 17. b4 dxc4 18. Ndxc4 Bxe5 19. dxe5 Nd5 20. Qe4 g6 21. Rad1 Qe7 22. Nd6 Rfd8 23. Bc2 N7f6 24. Qh4 Ne8 25. Qxe7 Nxe7 26. Bxa4 Nxd6 27. Rxd6 Nd5 28. Bc6 Rab8 29. b5 Rxd6 30. exd6 Bb7 31. d7 Ba8 32. Bxa8 Rxa8 33. Rc1 Ne7 34. Bf6 Kf8 35. Bxe7+ Kxe7 36. Rc8 1-0

[Event "Berlin Lichtenrade op 13th"]
[Site "Berlin"]
[Date "2017.11.04"]
[Round "8"]
[White "McGowan, Daniel"]
[Black "Albrecht, Rainer"]
[Result "1/2-1/2"]
[WhiteElo "2168"]
[BlackElo "2067"]
[PlyCount "28"]
[EventDate "2017.10.28"]
[EventType "swiss"]
[EventRounds "9"]
[EventCountry "GER"]
[SourceTitle "CBM 181 Extra"]
[Source "ChessBase"]
[SourceDate "2017.12.12"]
[SourceVersion "1"]
[SourceVersionDate "2017.12.12"]
[SourceQuality "1"]

1. d4 e6 2. Nf3 d5 3. e3 Nf6 4. Bd3 b6 5. 0-0 Bb7 6. b3 Nbd7 7. Bb2 Bd6 8. Nbd2 0-0 9. c4 Qe7 10. cxd5 exd5 11. Nh4 g6 12. g3 Ne4 13. Re1 f5 14. Bf1 Ndf6 1/2-1/2

[Event "Berlin Lichtenrade op 13th"]
[Site "Berlin"]
[Date "2017.11.02"]
[Round "6"]
[White "McGowan, Daniel"]
[Black "Vogel, Constantin"]
[Result "1/2-1/2"]
[WhiteElo "2168"]
[BlackElo "1963"]
[PlyCount "105"]
[EventDate "2017.10.28"]
[EventType "swiss"]
[EventRounds "9"]
[EventCountry "GER"]
[SourceTitle "CBM 181 Extra"]
[Source "ChessBase"]
[SourceDate "2017.12.12"]
[SourceVersion "1"]
[SourceVersionDate "2017.12.12"]
[SourceQuality "1"]

1. e4 Nf6 2. e5 Nd5 3. d4 d6 4. Nf3 Bg4 5. Be2 e6 6. c4 Nb6 7. h3 Bxf3 8. Bxf3 Nc6 9. exd6 cxd6 10. 0-0 d5 11. cxd5 exd5 12. Re1+ Be7 13. Bg5 0-0 14. Bxe7 Nxe7 15. Nc3 Nc6 16. Qd3 a6 17. Rad1 Qd6 18. Ne2 g6 19. h4 Nd7 20. Qd2 Kg7 21. Qf4 Qxf4 22. Nxf4 Nf6 23. Nxd5 Nxd5 24. Bxd5 Rfd8 25. Bxc6 bxc6 26. Re5 Rab8 27. b3 Rb5 28. Rxb5 axb5 29. Kf1 c5 30. Ke2 cxd4 31. Kd3 Kf6 32. Re1 h5 33. Re4 Ra8 34. Kxd4 Rxa2 35. Rf4+ Ke6 36. Kc5 f5 37. Kxb5 Kd5 38. b4 Rb2 39. Kb6 Rb3 40. b5 Rb2 41. Rf3 Rb4 42. g3 Rb2 43. Rd3+ Kc4 44. Rd6 Rxb5+ 45. Kc7 Rb2 46. f4 Rb3 47. Rxg6 Kd5 48. Kd7 Rb7+ 49. Ke8 Ke4 50. Rg5 Kf3 51. Rxh5 Kxg3 52. Rxf5 Kxh4 53. Rf7 1/2-1/2

[Event "Lisbon Portugal op"]
[Site "Lisbon"]
[Date "2017.02.10"]
[Round "9"]
[White "McGowan, Daniel"]
[Black "Fathallah, Joe"]
[Result "1-0"]
[WhiteElo "2168"]
[BlackElo "2003"]
[PlyCount "105"]
[EventDate "2017.02.04"]
[EventType "swiss"]
[EventRounds "9"]
[EventCountry "POR"]
[SourceTitle "CBM 176 Extra"]
[Source "ChessBase"]
[SourceDate "2017.03.02"]
[SourceVersion "1"]
[SourceVersionDate "2017.03.02"]
[SourceQuality "1"]

1. e4 e6 2. d4 d5 3. Nd2 Nf6 4. e5 Nfd7 5. Bd3 c5 6. c3 Nc6 7. Ne2 f6 8. exf6 Qxf6 9. Nf3 Bd6 10. Bg5 Qf7 11. 0-0 0-0 12. Ng3 e5 13. dxe5 Ndxe5 14. Nxe5 Nxe5 15. Be2 b6 16. f4 Nd7 17. Bh5 g6 18. Bf3 Bb7 19. c4 Kg7 20. Bxd5 Bxd5 21. cxd5 Rae8 22. Qg4 h6 23. Bh4 Be7 24. Bxe7 Qxe7 25. Rad1 Nf6 26. Nf5+ Kh7 27. Nxe7 Nxg4 28. Rfe1 Nf6 29. d6 Nd7 30. Nc6 Rxe1+ 31. Rxe1 Kg7 32. g3 a6 33. Kf2 Kf6 34. Kf3 Rc8 35. Ne7 Re8 36. Nd5+ Kf7 37. Rxe8 Kxe8 38. Ke4 Kf7 39. Nc7 Kf6 40. Kd5 Nb8 41. h3 h5 42. Na8 b5 43. Kxc5 Ke6 44. Nb6 b4 45. d7 Ke7 46. Kxb4 Nc6+ 47. Kc5 Nd8 48. b4 h4 49. gxh4 Ne6+ 50. Kc6 Nxf4 51. Nd5+ Nxd5 52. Kxd5 Kxd7 53. a4 1-0

[Event "Lisbon Portugal op"]
[Site "Lisbon"]
[Date "2017.02.09"]
[Round "8"]
[White "Arda, Cagil Irmak"]
[Black "McGowan, Daniel"]
[Result "1/2-1/2"]
[WhiteElo "2021"]
[BlackElo "2168"]
[PlyCount "91"]
[EventDate "2017.02.04"]
[EventType "swiss"]
[EventRounds "9"]
[EventCountry "POR"]
[SourceTitle "CBM 176 Extra"]
[Source "ChessBase"]
[SourceDate "2017.03.02"]
[SourceVersion "1"]
[SourceVersionDate "2017.03.02"]
[SourceQuality "1"]

1. e4 e6 2. d4 d5 3. Nd2 c5 4. exd5 exd5 5. Ngf3 Nc6 6. Bb5 Bd6 7. dxc5 Bxc5 8. 0-0 Nge7 9. Re1 Bxf2+ 10. Kxf2 Qb6+ 11. Nd4 Qxd4+ 12. Kf1 0-0 13. Nf3 Qxd1 14. Rxd1 Bg4 15. h3 Bxf3 16. gxf3 Rfd8 17. Kf2 Rac8 18. Bf4 a6 19. Be2 f6 20. c3 Ng6 21. Be3 Nce5 22. Rd4 Nc4 23. Bc1 Kf7 24. a4 Nce5 25. Be3 Ne7 26. Rad1 Re8 27. f4 N5c6 28. R4d3 Na5 29. Bf3 Rc4 30. Rxd5 Nxd5 31. Bxd5+ Kg6 32. Bxc4 Nxc4 33. Bc1 Re7 34. Rd5 Nb6 35. Rd4 Kf5 36. a5 Nd7 37. Be3 Nb8 38. Rd5+ Ke4 39. Rd4+ Kf5 40. Kf3 Nc6 41. Rd5+ Ke6 42. c4 Rc7 43. Bb6 Rc8 44. Ke4 Ne7 45. Rc5 Rxc5 46. Bxc5 1/2-1/2